000 01362nam a2200301 i 4500
001 157333
003 ES-MaACL
005 20250907063117.0
008 931025s1894 sp a |||| | spa d
100 1 _aLázaro, Juan Bautista,
_d1849-1919
_9129180
245 1 0 _aErmita de Santa Cristina en Lena (Oviedo) :
_breseña de las obras hechas para su restauración /
_cpor Don Juan Bautista Lázaro.
260 _aMadrid :
_bAntero de Oteyza y Barinaga,
_c1894 (
_fImp. y Lit. de los Huérfanos)
300 _a33 p., [4] h. de lám. :
_bil. ;
_c32 cm.
490 1 _aBiblioteca del "Resumen de arquitectura"
530 _aDisponible en formato digital.
597 _aAntep.
597 _aPort. a dos tintas.
599 _aLám.: fototipias de Hauser y Menet.
610 2 4 _aErmita de Santa Cristina (La Pola)
_9172740
651 4 _aLa Pola-
_xEdificios, estructuras, etc.
_9172741
700 1 _aOteyza y Barinaga, Antero de.
_9130741
710 2 _aHauser y Menet (Madrid)
_94558
830 1 _aBiblioteca del "Resumen de arquitectura"
_9188429
852 4 _aES-MaACL
_jB-11451
_z- Enc. tela
856 4 _uhttp://bdh-rd.bne.es/viewer.vm?id=0000213711&page=1
_zBiblioteca Digital Hispánica
856 4 _uhttps://bibliotecadigital.jcyl.es/es/consulta/registro.do?id=31599
_zBiblioteca Digital de Castilla y León
999 _c157333
_d157333